Portugiesische Torschützen bei der Fußball-Europameisterschaft 2000 - Statistiken

Allgemein
  • Dieses Quiz wurde 10 mal gespielt
  • Das Durchschnittsergebnis liegt bei 7 aus 10
Antwortstatistiken
Spiel Minute Torschütze % Korrekt
Portugal - England 3-2 22' Luís Figo
100%
Portugal - England 3:2 59' Nuno Gomes
78%
Türkei - Portugal 0-2 44' Nuno Gomes
78%
Türkei - Portugal 0-2 56' Nuno Gomes
78%
Frankreich - Portugal 2-1 e.V. 19' Nuno Gomes
78%
Portugal - Deutschland 3-0 35' Sérgio Conceição
78%
Portugal - Deutschland 3-0 54' Sérgio Conceição
78%
Portugal - Deutschland 3-0 71' Sérgio Conceição
78%
Portugal - England 3:2 37' João Pinto
33%
Rumänien - Portugal 0-1 90+4' Costinha
22%
Keine übereinstimmenden Quizze gefunden
Verteilung der Resultate
Anzahl Personen mit jedem Resultat
Perzentil nach korrekt beantworteten Fragen
Ihre Resultats-Entwicklung
Sie haben dieses Quiz noch nicht gespielt